| 000 | 00858cam a22002413a 4500 | ||
|---|---|---|---|
| 001 | 10137 | ||
| 003 | PGUSA | ||
| 005 | 20140828083220.0 | ||
| 008 | 031101s2003||||xxu|||||s|||||000 | eng d | ||
| 040 |
_aPGUSA _beng |
||
| 042 | _adc | ||
| 050 | 4 | _aPS | |
| 100 | 1 |
_aEdison, Thomas A. _q(Thomas Alva), _d1847-1931 |
|
| 245 | 1 | 0 |
_aMary Had a Little Lamb : _bRecording taken from Movietone Production news film _h[electronic resource] / _cThomas A. Edison |
| 260 |
_bProject Gutenberg, _c2003 |
||
| 500 | _aRecorded August 12, 1927 at the Golden Jubilee of the Phonograph Ceremony, held in Glenmont (Edison's Home), West Orange, New Jersey. | ||
| 506 | _aPublic domain in the USA. | ||
| 516 | _aElectronic text | ||
| 653 | _aNursery rhymes, American | ||
| 830 | 0 |
_aProject Gutenberg _v10137 |
|
| 856 | 4 | 0 | _uhttp://www.gutenberg.org/ebooks/10137 |
| 942 | _cEB | ||
| 999 |
_c239392 _d239392 |
||